000 00691 a2200229 4500
003 Nust
005 20170207165541.0
010 _a 2006929605
020 _a3-540-35980-X (inb.)
040 _cNust
082 0 4 _a338
100 1 _aFischer, Manfred M.,
245 1 0 _aInnovation, networks, and knowledge spillovers : (E-BOOK)
_bselected essays /
_cManfred M. Fischer
260 _aBerlin :
_bSpringer,
_ccop. 2006
300 _aviii, 272 s. :
_bdiagr., tab. ;
_c24 cm.
650 0 _aBusiness networks.
650 0 _aCreative ability in business.
650 0 _aKnowledge management.
650 0 _aResearch, Industrial.
650 0 _aTechnological innovations
_xManagement.
651 _aE-Book
942 _2ddc
_cBK
999 _c212475
_d212475